Estadística matemática con aplicaciones (Registro nro. 331)
[ vista simple ]
| 000 -LEADER | |
|---|---|
| fixed length control field | 01678 a2200265 4500 |
| 001 - CONTROL NUMBER | |
| control field | 3433 |
| 005 - DATE AND TIME OF LATEST TRANSACTION | |
| control field | 20260407155428.0 |
| 008 - FIXED-LENGTH DATA ELEMENTS--GENERAL INFORMATION | |
| fixed length control field | 260407a2010 arg spa d |
| 003 - CONTROL NUMBER IDENTIFIER | |
| control field | AR-UNSa-BCEJYS |
| 040 ## - CATALOGING SOURCE | |
| Original cataloging agency | AR-UNSa-BCEJYS |
| Language of cataloging | spa |
| Transcribing agency | AR-UNSa-BCEJYS |
| 080 ## - UNIVERSAL DECIMAL CLASSIFICATION NUMBER | |
| Universal Decimal Classification number | 519.2 |
| Common auxiliary subdivision | Probabilidades y estadística matemática<br/> |
| 020 ## - INTERNATIONAL STANDARD BOOK NUMBER | |
| International Standard Book Number | 978-970-830-010-0 |
| 041 ## - LANGUAGE CODE | |
| Language code of text/sound track or separate title | spa |
| 100 1# - MAIN ENTRY--PERSONAL NAME | |
| Personal name | Wackerly, Dennis D. |
| 245 10 - TITLE STATEMENT | |
| Title | Estadística matemática con aplicaciones |
| 250 ## - EDITION STATEMENT | |
| Edition statement | 7a. ed. |
| 264 #1 - PRODUCTION, PUBLICATION, DISTRIBUTION, MANUFACTURE, AND COPYRIGHT NOTICE | |
| Place of production, publication, distribution, manufacture | México : |
| Name of producer, publisher, distributor, manufacturer | Cengage Learning Editores |
| Date of production, publication, distribution, manufacture, or copyright notice | 2010 |
| 300 ## - PHYSICAL DESCRIPTION | |
| Extent | xxii, 906 p. |
| Dimensions | 24 cm. |
| 505 ## - FORMATTED CONTENTS NOTE | |
| Formatted contents note | 1. ¿Qué es estadística? - 2. Probabilidad - 3. Variables aleatorias discretas y sus disstribuciones de probabilidad - 4. Variables continuas y sus distribuciones de probabilidad - 5. Distribuciones de probabilidad multivarintes - 6. Funciones de variables aleatorias - 7. Distribuciones muestrales y el teorema del límite central - 8. Estimación - 9. Propiedades de los estimadores puntuales y métodos de estimación - 10. Prueba de hipótesis - 11. Modelos lineales y estimación por mínimos cuadrados - 12. Consideraciones al diseñar experimentos - 13. El análisis de varianza - 14. Análisis de datos categóricos - 15. Estadística no paramétrica - 16. Introducción a los métodos de Bayes para inferencia - Apéndice 1: Matrices y otros resultados matemáticos útiles - Apéndice 2: Distribuciones, medias, varianza y funciones generadoras de momento de probabilidad común - Apéndice 3: Tablas |
| 590 ## - LOCAL NOTE (RLIN) | |
| Local note | niveau_biblio:m niveau_hierar:0 |
| 700 1# - ADDED ENTRY--PERSONAL NAME | |
| Personal name | Mendenhall, William |
| 700 1# - ADDED ENTRY--PERSONAL NAME | |
| Personal name | Romo Muñoz, Jorge Humberto |
| 700 1# - ADDED ENTRY--PERSONAL NAME | |
| Personal name | Scheaffer, Richard L. |
| 942 ## - ADDED ENTRY ELEMENTS (KOHA) | |
| Koha item type | |
| Withdrawn status | Lost status | Damaged status | Not for loan | Home library | Current library | Shelving location | Date acquired | Total checkouts | Full call number | Barcode | Date last seen | Price effective from | Koha item type |
|---|---|---|---|---|---|---|---|---|---|---|---|---|---|
| Biblioteca Prof. Eusebio Cleto del Rey | Biblioteca Prof. Eusebio Cleto del Rey | 07/04/2026 | 519.2 W115 7ed. | L118318 | 07/04/2026 | 07/04/2026 | Libro | ||||||
| Biblioteca Prof. Eusebio Cleto del Rey | Biblioteca Prof. Eusebio Cleto del Rey | 07/04/2026 | 519.2 W115 7ed. | L118319 | 07/04/2026 | 07/04/2026 | Libro | ||||||
| Biblioteca Prof. Eusebio Cleto del Rey | Biblioteca Prof. Eusebio Cleto del Rey | 07/04/2026 | 519.2 W115 7ed. | L118321 | 07/04/2026 | 07/04/2026 | Libro | ||||||
| Biblioteca Prof. Eusebio Cleto del Rey | Biblioteca Prof. Eusebio Cleto del Rey | 07/04/2026 | 519.2 W115 7ed. | L118322 | 07/04/2026 | 07/04/2026 | Libro | ||||||
| Biblioteca Prof. Eusebio Cleto del Rey | Biblioteca Prof. Eusebio Cleto del Rey | 07/04/2026 | 519.2 W115 7ed. | L119189 | 07/04/2026 | 07/04/2026 | Libro | ||||||
| Biblioteca Prof. Eusebio Cleto del Rey | Biblioteca Prof. Eusebio Cleto del Rey | 07/04/2026 | 519.2 W115 7ed. | L119190 | 07/04/2026 | 07/04/2026 | Libro | ||||||
| Biblioteca Prof. Eusebio Cleto del Rey | Biblioteca Prof. Eusebio Cleto del Rey | 07/04/2026 | 519.2 W115 7ed. | L119191 | 07/04/2026 | 07/04/2026 | Libro |